စက္ခုအလင်းသံခိပ်ကျဉ်းနှင့် စလင်းကန်လယ်ဆရာတော်ဘုရားကြီး ထေရုပ္ပတ္တိ / (Record no. 37198)

000 -LEADER
fixed length control field 00954nam a22002057a 4500
005 - DATE AND TIME OF LATEST TRANSACTION
control field 20260122192821.0
008 - FIXED-LENGTH DATA ELEMENTS--GENERAL INFORMATION
fixed length control field 240702b ||||| |||| 00| 0 eng d
040 ## - CATALOGING SOURCE
Transcribing agency SSBUL
041 ## - LANGUAGE CODE
Language code of text/sound track or separate title Myanmar
082 ## - DEWEY DECIMAL CLASSIFICATION NUMBER
Edition number 23
Classification number ၂၉၄.၃၀၉၂ အဉ်
Item number ၇၅၃၀ S-SL
100 0# - MAIN ENTRY--PERSONAL NAME
Personal name အညတရဘိက္ခု
9 (RLIN) 16494
245 10 - TITLE STATEMENT
Title စက္ခုအလင်းသံခိပ်ကျဉ်းနှင့် စလင်းကန်လယ်ဆရာတော်ဘုရားကြီး ထေရုပ္ပတ္တိ /
Statement of responsibility, etc. အညတရဘိက္ခု။
250 ## - EDITION STATEMENT
Edition statement ဆဋ္ဌမအကြိမ်။
260 ## - PUBLICATION, DISTRIBUTION, ETC.
Place of publication, distribution, etc. ရန်ကုန် ၊
Date of publication, distribution, etc. ၁၉၈၈။
300 ## - PHYSICAL DESCRIPTION
Extent ၂၃၅ စာ ၊
Dimensions ၁၆ စင်တီ။
500 ## - GENERAL NOTE
General note S-SAT: Dr. Prof Sai Aung Tun
650 ## - SUBJECT ADDED ENTRY--TOPICAL TERM
Topical term or geographic name entry element စလင်းကန်လယ်ဆရာတော်
Form subdivision ထေရုပ္ပတ္တိ။
9 (RLIN) 45995
Topical term or geographic name entry element ဝိပဿနာ
942 ## - ADDED ENTRY ELEMENTS (KOHA)
Source of classification or shelving scheme
Koha item type Book (Short term)
Holdings
Withdrawn status Lost status Source of classification or shelving scheme Damaged status Not for loan Collection code Permanent Location Current Location Shelving location Date acquired Total Checkouts Total Renewals Full call number Barcode Date last seen Date last checked out Price effective from Koha item type Accession
          Special Collections Shan State Buddhist University Library Shan State Buddhist University Library Special Collection Shelves 02/07/2024 1 1 ၂၉၄.၃၀၉၂ အဉ် ၇၅၃၀ S-SL MB00007530 07/11/2025 05/11/2025 02/07/2024 Book (Short term) ၇၅၃၀ S-SL
          Special Collections Shan State Buddhist University Library Shan State Buddhist University Library Special Collection Shelves 02/07/2024     ၂၉၄.၃၀၉၂ အဉ် ၉၁၈၅ S-SAT MB00009185 04/10/2024   02/07/2024 Book (Short term) ၉၁၈၅ S-SAT
          Special Collections Shan State Buddhist University Library Shan State Buddhist University Library Special Collection Shelves 07/10/2024     ၂၉၄.၃၀၉၂ အဉ် ၁၃၀၉၄ S-SAT MB00013094 07/10/2024   02/07/2024 Book (Short term) ၁၃၀၉၄ S-SAT

Library - 09407999929
Admin Office - 09407999979
Dean Office - 09250910768
Registrar Office - 09892297154
Email - [email protected]
Shan State Buddhist University, Phaya Phyu Taunggyi, Shan State, Myanmar.